Risk Analysis (Record no. 80230)

MARC details
000 -LEADER
fixed length control field 01093nam a2200205 a 4500
008 - FIXED-LENGTH DATA ELEMENTS--GENERAL INFORMATION
fixed length control field 120416s1986 ||||||||||||||||| || u
020 ## - INTERNATIONAL STANDARD BOOK NUMBER
International Standard Book Number 0852993072
050 ## - LIBRARY OF CONGRESS CALL NUMBER
Classification number HF 5667 Cha
245 10 - TITLE STATEMENT
Title Risk Analysis
246 ## -
-- The Chartered Institute of Public Finance and Accountancy
260 ## - PUBLICATION, DISTRIBUTION, ETC.
Place of publication, distribution, etc. London
Name of publisher, distributor, etc. CIPFA
Date of publication, distribution, etc. 1986
300 ## - PHYSICAL DESCRIPTION
Extent 57p. : ill.
350 ## -
-- 0.00
650 ## - SUBJECT ADDED ENTRY--TOPICAL TERM
Topical term or geographic name entry element FINANCE--PUBLIC--ACCOUNTING
650 #0 - SUBJECT ADDED ENTRY--TOPICAL TERM
Topical term or geographic name entry element ACCOUNTING--HANDBOOKS, MANUALS, ETC
995 ## -
-- ANNEX COLLECTION (Main Library)
-- 0.00
-- 710631
-- CBU-MAIN LIBRARY (Kitwe)
-- 3
-- 4.00
-- HF 5667 Cha
-- 4
-- AVAILABLE
-- 007325
-- Annex Low-Usage Collection
995 ## -
-- ANNEX COLLECTION (Main Library)
-- 0.00
-- 710633
-- CBU-MAIN LIBRARY (Kitwe)
-- 4
-- 4.00
-- HF 5667 Cha
-- 3
-- AVAILABLE
-- 007324
-- Annex Low-Usage Collection
995 ## -
-- MAIN LIBRARY OPEN ACCESS
-- 0.00
-- 710630
-- CBU-MAIN LIBRARY (Kitwe)
-- 1
-- 4.00
-- HF 5667 Cha
-- 2
-- AVAILABLE
-- 007323
-- Main Library Open Access Collection
995 ## -
-- ANNEX COLLECTION (Main Library)
-- 0.00
-- 710632
-- CBU-MAIN LIBRARY (Kitwe)
-- 2
-- 4.00
-- HF 5667 Cha
-- 1
-- AVAILABLE
-- 007318
-- Annex Low-Usage Collection
999 ## -
-- 80230
-- 80230
Holdings
Withdrawn status Lost status Source of classification or shelving scheme Damaged status Not for loan Permanent Location Current Location Shelving location Date acquired Total Checkouts Full call number Barcode Date last seen Copy number Price effective from Koha item type
          CBU-MAIN LIBRARY, KITWE. CBU-MAIN LIBRARY, KITWE.   06/29/2023   HF 5667 Cha 007325 06/29/2023 1 06/29/2023 MONOGRAPH
Withdrawn         CBU-MAIN LIBRARY, KITWE. CBU-MAIN LIBRARY, KITWE.   06/29/2023   HF 5667 Cha 007324 06/29/2023 2 06/29/2023 MONOGRAPH
Withdrawn         CBU-MAIN LIBRARY, KITWE. CBU-MAIN LIBRARY, KITWE.   06/29/2023   HF 5667 Cha 007323 06/29/2023 3 06/29/2023 MONOGRAPH
          CBU-MAIN LIBRARY, KITWE. CBU-MAIN LIBRARY, KITWE.   06/29/2023   HF 5667 Cha 007318 06/29/2023 4 06/29/2023 MONOGRAPH